000 00709nam a2200253#a 4500
001 02469
003 HDC
007 ta
008 230623s2011 xx 000 0 eng d
020 _a9786135966497
_qpaperback
040 _aHDC
050 _aBP190.5
_b .T73 K75 2011
100 _aFischer, Johan
_eauthor
245 0 _aHalal Tourism :
_bTourism, Muslim, Sharia, Halal /
_cKristen Nehemiah Horst (Ed.)
264 _aUnited States :
_bDign Press,
_c2011
300 _a112 pages ;
_c 23cm
504 _aBibliography: pages 113-118
650 _aTourism
_xHalal industry
650 _aTourism
_xReligious aspects
_xIslam
942 _2lcc
942 _cBK
942 _kBP190.5
942 _m .T73 K75 2011
999 _c24027
_d24027